000 01022nam a22003377a 4500
003 CHAP
005 20220329135449.0
008 971013s1964 r 00010 d
010 _a36935
011 _a37907
035 _a42027
040 _cCHAP
082 _a581.99611
_bP37
100 0 0 _aParham, J. W.
_985550
245 _aPlants of the Fiji Islands
260 _aSuva :
_bFiji Government Press,
_c1964
300 _a353 p.
_b: ilus.
590 _aBATCH-UPD
_b10
_c20130110
_lUCH01
_h0135
590 _aBATCH-UPD
_b10
_c20130110
_lUCH01
_h0935
590 _aBATCH-UPD
_b10
_c20130409
_lUCH01
_h2132
590 _aBATCH-UPD
_b10
_c20130914
_lUCH01
_h0334
590 _aCONVERSION
_b10
_c20130109
_lUCH01
_h1321
650 1 4 _aAngiospermas.
_95797
650 1 4 _aBotánica
_xIslas Fiji.
_914574
650 1 4 _aGimnospermas.
_948066
650 1 4 _aIslas Fiji.
_960594
650 1 4 _aPteridofitas.
_992645
901 _aBK
942 _cLIBRO
949 _a581.99611 P37
_bBC
_cLIBRO
_d33724000448205
_eLIBRO
_h9736
_i42027
_si
_t56.00
999 _c36935
_d36935